<?xml version="1.0" encoding="UTF-8"?><?xml-stylesheet type="text/xsl" href="static/style.xsl"?><OAI-PMH xmlns="http://www.openarchives.org/OAI/2.0/" xmlns:xsi="http://www.w3.org/2001/XMLSchema-instance" xsi:schemaLocation="http://www.openarchives.org/OAI/2.0/ http://www.openarchives.org/OAI/2.0/OAI-PMH.xsd"><responseDate>2026-06-07T17:26:08Z</responseDate><request verb="GetRecord" identifier="oai:docta.ucm.es:20.500.14352/124050" metadataPrefix="marc">https://docta.ucm.es/rest/oai/request</request><GetRecord><record><header><identifier>oai:docta.ucm.es:20.500.14352/124050</identifier><datestamp>2025-09-17T23:56:09Z</datestamp><setSpec>com_20.500.14352_14</setSpec><setSpec>col_20.500.14352_15</setSpec></header><metadata><record xmlns="http://www.loc.gov/MARC21/slim" xmlns:dcterms="http://purl.org/dc/terms/" xmlns:xsi="http://www.w3.org/2001/XMLSchema-instance" xmlns:doc="http://www.lyncode.com/xoai" xsi:schemaLocation="http://www.loc.gov/MARC21/slim http://www.loc.gov/standards/marcxml/schema/MARC21slim.xsd">
   <leader>00925njm 22002777a 4500</leader>
   <datafield ind2=" " ind1=" " tag="042">
      <subfield code="a">dc</subfield>
   </datafield>
   <datafield ind2=" " ind1=" " tag="720">
      <subfield code="a">Díez García, Rubén</subfield>
      <subfield code="e">author</subfield>
   </datafield>
   <datafield ind2=" " ind1=" " tag="260">
      <subfield code="c">2025-09-13</subfield>
   </datafield>
   <datafield ind2=" " ind1=" " tag="520">
      <subfield code="a">This article analyses the most prominent mobilizations led by civil society organizations, activist networks, and parties in Spain from 1996 to 2020. The article examines 235 large-scale mobilizations to explore how civil society actors have shaped and reflected persistent sociopolitical cleavages. Using protest event analysis and a CHAID-based classification model, it identifies terrorism and nationalism as key recurring issues. These mobilizations reveal long-term tensions rooted in Spain’s democratic transition, with victims’ associations, the 15M/Indignados movement, and Catalan secessionism illustrating the evolution of civic culture and civil institutions. Since the end of ETA terrorism in 2011, nationalist claims have sustained a polarised public sphere, exposing the enduring cleavage around Spain’s constitutional national identity.</subfield>
   </datafield>
   <datafield ind1="8" ind2=" " tag="024">
      <subfield code="a">Díez García, R. (2025). Mirroring persistent rival discourses in Spain. What do large-scale mobilizations tell us about the country’s main political cleavage? Journal of Civil Society, 1–21. https://doi.org/10.1080/17448689.2025.2550367</subfield>
   </datafield>
   <datafield ind1="8" ind2=" " tag="024">
      <subfield code="a">1744-8689</subfield>
   </datafield>
   <datafield ind1="8" ind2=" " tag="024">
      <subfield code="a">1744-8697</subfield>
   </datafield>
   <datafield ind1="8" ind2=" " tag="024">
      <subfield code="a">10.1080/17448689.2025.2550367</subfield>
   </datafield>
   <datafield ind1="8" ind2=" " tag="024">
      <subfield code="a">https://hdl.handle.net/20.500.14352/124050</subfield>
   </datafield>
   <datafield ind1="8" ind2=" " tag="024">
      <subfield code="a">https://doi.org/10.1080/17448689.2025.2550367</subfield>
   </datafield>
   <datafield ind1="8" ind2=" " tag="024">
      <subfield code="a">https://www.tandfonline.com/doi/full/10.1080/17448689.2025.2550367?src=</subfield>
   </datafield>
   <datafield ind2="0" ind1="0" tag="245">
      <subfield code="a">Mirroring persistent rival discourses in Spain. What do large-scale mobilizations tell us about the country’s main political cleavage?</subfield>
   </datafield>
</record></metadata></record></GetRecord></OAI-PMH>